上海市知识测验 旅游景区部分 Shanghai city quiz #2 - Statistics

General Stats
  • This quiz has been taken 49 times
  • The average score is 11 of 18
Answer Stats
问题 答案 % Correct
陆家嘴地区的5A景区,1994年建成的现代建筑 东方明珠广播电视塔
96%
上海市中心最著名的步行街 南京路步行街
91%
外滩的核心区域最初是哪个国家的租界? 英国
85%
浦西地区唯一的5A景区是三个中共全国代表大会会址,它们分别是一大、二大和 {四大}会址
83%
上海国际赛车场位于哪个市辖区 嘉定区
80%
黄浦区的著名古典园林 豫园
76%
苏州河北岸,发生八百壮士抗日故事的抗战旧址 四行仓库
74%
苏州河汇入黄浦江口附近的钢结构桥梁 外白渡桥
70%
上海旧弄堂中的中西交融的民居建筑 石库门
63%
浦东的另一个5A景区,主要面向青少年 上海科技馆
59%
上海美术馆于2012年迁入原世博会中国馆,该建筑现又称为 中华艺术宫
57%
嘉定区的千年古镇,集镇可追溯至南朝梁 南翔古镇
54%
上海金山与浙江交界处的古镇景区 枫泾古镇
50%
预计在2027年改建为哈利波特主题乐园的大型游乐园 锦江乐园
46%
浦东郊区的5A景区,主题公园 上海野生动物园
39%
G318在上海的起点的具体地址 人民广场
37%
与上述步行街相关的著名部队 南京路上好八连
33%
崇明岛上唯一的5A景区,2024年获评 西沙明珠湖景区
26%
No matching quizzes found
Score Distribution
Percent of People with Each Score
Percentile by Number Answered
Your Score History
You have not taken this quiz